Geography through maps (Record no. 3630)

MARC details
000 -LEADER
fixed length control field 00389nam a22001577a 4500
008 - FIXED-LENGTH DATA ELEMENTS--GENERAL INFORMATION
fixed length control field 250523b |||||||| |||| 00| 0 eng d
020 ## - INTERNATIONAL STANDARD BOOK NUMBER
ISBN 9788122507935
100 ## - MAIN ENTRY--AUTHOR
Author Siddhartha, K.
245 ## - TITLE STATEMENT
Title Geography through maps
250 ## - EDITION STATEMENT
Edition statement 13th
260 ## - PUBLICATION, DISTRIBUTION, ETC. (IMPRINT)
Place of publication New delhi
Name of publisher Kitab mahal
Date of publication 2021
300 ## - COLLATION
Pagination c-16, 519
Other physical details ill
650 ## - TRACINGS
Main Subject cities and towns maps
942 ## - ADDED ENTRY ELEMENTS (KOHA)
Item type Books
050 ## - LIBRARY OF CONGRESS CALL NUMBER
Classification number GA340
Item number .S53
Holdings
Source of classification or shelving scheme Not for loan Permanent location Current location Date acquired Accession No. Full call number Barcode. Koha item type
Library of Congress Classification   Samuel Ogbemudia Main Library, University of Abuja Samuel Ogbemudia Main Library, University of Abuja 05/23/2025 2023/61307 GA340.S53 2025-2112 Books